000 00739nam a2200289Ia 4500
005 20260324125235.0
008 008 260324s9999 xx 000 0 eng d
020 _a9781003444190
037 _aEBOOK
040 _aCRL
040 _beng
040 _cCRL
041 _2eng
041 _aeng
084 _qCRL
100 _aBarbara E. Lovitts; Ellen L. Wert
_91177235
245 0 _aDeveloping Quality Dissertations in the Sciences
245 2 _bA Graduate Student's Guide to Achieving Excellence
260 _bTaylor and Francis
260 _c2009
365 _a
365 _b89.99
856 _uhttp://www.taylorfrancis.com/books/9781003444190
942 _cEBOOK
999 _c1772305
_d1772305